000 08005cam a22018734i 4500
003 PE-LiUPU
005 20250813165659.0
008 150625s2006 ck rb 000 0 spa d
020 _a9587010035
020 _a9789587010039
035 _a(Sirsi) i9789587010039
040 _aPE-LiUPU
_bspa
_cPE-LiUPU
_dPE-LiUPU
_erda
049 _aPRUA
082 0 4 _a611.7301
_bC9
_221
110 2 _aGrupo de Cuidado Facultad de Enfermería Universidad Nacional de Colombia
245 1 0 _aCuidado y práctica de enfermería /
_cGrupo de Cuidado Facultad de Enfermería Universidad Nacional de Colombia.
264 1 _aBogotá :
_bUniversidad Nacional de Colombia,
_c2006.
300 _a271 páginas ;
_c24 centímetros
336 _atext
_2rdacontent
337 _aunmediated
_2rdamedia
338 _avolume
_2rdacarrier
504 _aIncluye referencias bibliográficas al final de cada capítulo.
505 0 _aConceptualización investigación y gerencia para el cuidado de la salud -- Nuevos avances conceptuales del grupo de cuidado -- Retos de enfermería para el nuevo milenio -- Situación y tendencias en la práctica de enfermería -- Fenomenología: un método de indagación para el cuidado de enfermería -- Poner los pies en la tierra para mirar el futuro. Retos de la investigación en enfermería -- Gerencia en el cuidado productivo de enfermería -- Hacia un modelo de cuidado en el hogar -- Liderazgo y cuidado como meta de enfermería -- Fortalecimiento de las ONG como apoyo para el cuidado de la salud -- El empoderamiento de y con enfermería -- El apoyo social y el cuidado de la salud humana -- La formación de los profesionales de la salud, orientada al sujeto de atención y no hacia un problema médico -- Investigación sobre estrategias de afrontamiento familiar cuando uno de sus miembros entra a una unidad de cuidado intensivo -- Propuesta de cuidado para los profesores de la facultad de enfermería de la Universidad Nacional -- El cuidado para la salud materno perinatal -- Cuidado de enfermería materno perinatal en su rol asistencial, gerencial, docente e investigativo -- Gerencia y gestión del cuidado de enfermería enfocado al área materno perinatal -- Cuidado de enfermera al vínculo de apego entre padres y recién nacidos en la unidad de recién nacidos -- Cuidado de enfermería en la atención humanizada a la madre y al hijo durante el nacimiento -- Representación social del cuidado del recién nacido -- El cuidado como elemento socializador -- Cuidado de enfermería en la prevención de las infecciones vaginales -- Tendencias para la práctica del cuidado -- El reto de los cuidadores: familiares de personas en situación crónica de enfermedad -- Espiritualidad y afecto en el cuidado de enfermería -- Alternativas para el autocuidado de las enfermeras que cuidan a las personas hospitalizadas en las unidades de cuidados intensivos -- Manejo del dolor: un reto permanente para enfermería -- El deporte y la recreación en la promoción de la salud y en la prevención de la enfermedad -- "Cuidado en casa Ltda." Una experiencia en la práctica privada de enfermería profesional -- Cuidado paliativo: realidad del presente en enfermería -- El cuidado del cuidador que afronta enfermedades crónicas -- Valoración de logros en enfermería -- Promoción de la vida saludable complementado con terapia alternativa -- La tecnología y el cuidado de enfermería -- ¿Cuidar al anciano o promover el cuidado de sí mismo? "Cada anciano tiene su propia historia." -- Cuidar es crecer -- Comprendiendo el cuidado en el hogar del paciente.
526 _aP203
526 _aP200
526 _aSEG65
526 _aSEG64
526 _aSEG63
526 _aSEG62
526 _aSEG61
526 _aSEG60
526 _aSEG59
526 _aSEG58
526 _aSEG57
526 _aSEG56
526 _aSEG55
526 _aSEG54
526 _aSEG53
526 _aSEG52
526 _aSEG51
526 _aSEG50
526 _aSEG49
526 _aSEG48
526 _aSEG47
526 _aSEG46
526 _aSEG24
526 _aSEG23
526 _aSEG22
526 _aSEG21
526 _aSEG20
526 _aSEG19
526 _aSEG18
526 _aSEG17
526 _aSEG16
526 _aSEG14
526 _aSEG13
526 _aSEG12
526 _aSEG11
526 _aSEG10
526 _aSEG09
526 _aSEG06
526 _aSEG05
526 _aSEG04
526 _aSEG03
526 _aSEG02
526 _aSEG68
526 _aSEG66
526 _aSEG45
526 _aSEG25
526 _aSEG01
526 _aP163
526 _aP162
526 _aP161
526 _aP160
526 _aP159
526 _aP158
526 _aP157
526 _aP156
526 _aP155
526 _aP154
526 _aP153
526 _aP152
526 _aP151
526 _aP150
526 _aP149
526 _aP142
526 _aP141
526 _aP140
526 _aP139
526 _aP138
526 _aP137
526 _aP132
526 _aP131
526 _aP130
526 _aP126
526 _aP125
526 _aP124
526 _aP123
526 _aP115
526 _aP122
526 _aP121
526 _aP116
526 _a P114
526 _aP112
526 _aP111
526 _aP104
526 _aP103
526 _aP102
526 _aP101
526 _aP100
526 _aP96
526 _aP95
526 _aP93
526 _aP92
526 _aP91
526 _aP88
526 _aP83
526 _aP82
526 _aP79
526 _aP78
526 _aP75
526 _aP74
526 _aP71
526 _aP69
526 _a P51
526 _aP49
526 _aP48
526 _aP47
526 _aP33
526 _aP31
526 _a P30
526 _aP29
526 _aP27
526 _aP26
526 _aP25
526 _aP24
526 _a P22
526 _aP10
526 _aP09
526 _a P08
526 _aP06
526 _aP05
526 _aP04
526 _aP01
541 _g001-0002610;
541 _g89999083;
650 0 4 _aAtención al enfermo.
650 0 4 _aEnferemería de cuidados intensivos.
650 0 4 _aUnidades de cuidados intensivos.
_91944
942 _2ddc
_cBOOK
949 _a611.7301 C9
_wDEWEY
_c1
_i69571
_d2016-5-30
_e2016-5-24
_lCCODEBUL1
_mBUL
_n2
_p22.00
_r0
_sY
_tBOOK
_u2015-7-20
_xSALUD
_PP22
_0COMPRA
_o.CIRCNOTE. No olvidar cambiar la fecha de devolución!!!!!!!
_o.STAFF. Colección General
949 _aPGS 611.7301 C9
_wDEWEY
_c1
_i59201
_d2015-10-29
_lCCODEBUL1
_mBUL
_p22.00
_q1
_r0
_sY
_tBOOK
_u2015-6-25
_xSALUD
_PP82
_0COMPRA
_o.CIRCNOTE. No olvidar cambiar la fecha de devolución!!!!!!!
_o.STAFF. Colección General
949 _aPGS 611.7301 C9
_wDEWEY
_c2
_i57639
_d2016-5-6
_e2016-5-4
_lCCODEBUL1
_mBUL
_n1
_p105.00
_r0
_sY
_tBOOK
_u2015-6-25
_xSALUD
_PP22
_0COMPRA
_o.CIRCNOTE. No olvidar cambiar la fecha de devolución!!!!!!!
_o.STAFF. Colección Ciencias de la Salud
994 _aC0
_bPEPRU
596 _a1
999 _aPGS 611.7301 C9
_wDEWEY
_c46655
_i59201
_d46655
_f2019-12-11
_g4
_lDISCARD
_mBUL
_p22.00
_q1
_r1
_sY
_tBOOK
_u2015-6-25
_xSALUD
_PP82
_0COMPRA
_o.CIRCNOTE. No olvidar cambiar la fecha de devolución!!!!!!!
_o.STAFF. Colección General
999 _aPGS 611.7301 C9
_wDEWEY
_c2
_i57639
_d2018-4-2
_e2018-3-26
_f2021-11-3
_g5
_lCCODEBUL1
_mBUL
_n2
_p105.00
_r0
_sY
_tBOOK
_u2015-6-25
_xSALUD
_zP22
_0COMPRA
_o.CIRCNOTE. No olvidar cambiar la fecha de devolución!!!!!!!
_o.STAFF. Colección Ciencias de la Salud
999 _a611.7301 C9
_wDEWEY
_c1
_i69571
_d2016-5-30
_e2016-5-24
_f2021-11-3
_g5
_lCCODEBUL1
_mBUL
_n2
_p22.00
_r0
_sY
_tBOOK
_u2015-7-20
_xSALUD
_PP22
_0COMPRA
_o.CIRCNOTE.
_o.STAFF. Colección Ciencias de la Salud
980 _81
_gALBERTO SANCHEZ Responsable de Automatización